000
00267nam a22000977a 4500
003
OSt
008
210826b ||||| |||| 00| 0 eng d
245
_a
University of Calicut- list of textbooks
260
_a
University of Calicut
_b
University of Calicut
_c
1971
942
_c
BK
999
_c
17389
_d
17389